| 000 | 00700nam a2200217 a 4500 | ||
|---|---|---|---|
| 999 |
_c5460 _d5460 |
||
| 001 | 5460 | ||
| 003 | BD-JhCCX | ||
| 005 | 20180908134016.0 | ||
| 008 | 171214s2013 bg a|||| || | 000 0 ben d | ||
| 035 | _a(BD-JhCC)5460 | ||
| 040 |
_aBD-JhCC _dBD-JhCC |
||
| 041 | _aben | ||
| 082 |
_a515 _bRAS 2013 |
||
| 100 | _aরশীদ, হারুনুর | ||
| 245 |
_aউচ্চতর গণিত প্রথম পত্র একাদশ-দ্বাদশ শ্রেণি / _cহারুনুর রশীদ, |
||
| 260 |
_aঢাকা : _bহাসান বুক হাউস, _c2013. |
||
| 300 |
_a308 p. : _c24 cm. |
||
| 650 | _aMathematics | ||
| 942 |
_2ddc _cBK _01 |
||